000 00373nam a2200145Ia 4500
008 240624s9999 xx 000 0 und d
041 _aeng
082 _a518 SAS
100 _aSASTRY S S
245 _aINTRODUCTORY METHODS OF NUMERICAL ANALYS
250 _a(3rd ed.)
260 _c2003
_aNew Delhi
_bPrentice-Hall of India
300 _axvi, : 380 : cm. ; 24
365 _cRS
999 _c1893
_d1893